<?xml version="1.0" encoding="UTF-8" ?>
<collection xmlns="http://www.loc.gov/MARC21/slim"><record><leader>00765nam a2200217   4500</leader><controlfield tag="001">231225</controlfield><controlfield tag="003">CH-000273-5</controlfield><controlfield tag="005">20250923120906.0</controlfield><datafield tag="020" ind1=" " ind2=" "><subfield code="a">978-0-300-27516-2</subfield></datafield><datafield tag="040" ind1=" " ind2=" "><subfield code="a">CH-000273-5</subfield><subfield code="b">ger</subfield><subfield code="e">rda</subfield></datafield><datafield tag="041" ind1="0" ind2=" "><subfield code="a">eng</subfield></datafield><datafield tag="100" ind1="1" ind2=" "><subfield code="a">Bellow, Juliet</subfield><subfield code="e">Verfasser</subfield><subfield code="4">aut</subfield></datafield><datafield tag="245" ind1="1" ind2="0"><subfield code="a">Rodin&apos;s dancers</subfield><subfield code="b">art and performance in Belle Époque Paris</subfield><subfield code="c">Juliet Bellow</subfield></datafield><datafield tag="264" ind1=" " ind2="1"><subfield code="a">New Haven</subfield><subfield code="a">London</subfield><subfield code="b">Yale University Press</subfield><subfield code="c">2025</subfield></datafield><datafield tag="300" ind1=" " ind2=" "><subfield code="a">255 Seiten</subfield><subfield code="b">Illustrationen</subfield><subfield code="c">28 cm</subfield></datafield><datafield tag="336" ind1=" " ind2=" "><subfield code="a">Text</subfield><subfield code="b">txt</subfield><subfield code="2">rdacontent</subfield></datafield><datafield tag="337" ind1=" " ind2=" "><subfield code="a">ohne Hilfsmittel zu benutzen</subfield><subfield code="b">n</subfield><subfield code="2">rdamedia</subfield></datafield><datafield tag="338" ind1=" " ind2=" "><subfield code="a">Band</subfield><subfield code="b">nc</subfield><subfield code="2">rdacarrier</subfield></datafield><datafield tag="600" ind1="1" ind2="7"><subfield code="a">Rodin, Auguste</subfield><subfield code="d">1840-1917</subfield><subfield code="z">Paris</subfield><subfield code="x">Tänzer</subfield><subfield code="g">Motiv</subfield><subfield code="x">Plastik</subfield><subfield code="x">Zeichnung</subfield><subfield code="2">gnd</subfield></datafield><datafield tag="700" ind1="1" ind2=" "><subfield code="a">Rodin, Auguste</subfield><subfield code="d">1840-1917</subfield><subfield code="e">Illustrator</subfield><subfield code="4">ill</subfield></datafield><datafield tag="852" ind1="4" ind2=" "><subfield code="a">CH-000273-5</subfield><subfield code="c">C 2025/0415</subfield></datafield></record></collection>